000
00306nam a22001337a 4500
008
170127b xxu||||| |||| 00| 0 eng d
020
_a
9780073401997
041
_a
eng
080
_2
6TH
_a
61
100
_a
3
101
_a
SHM
245
_a
COMPUTERS IN THE MEDICAL OFFICE
_c
SANDERSON, S.M
942
_2
udc
_c
BK
999
_c
3850
_d
3850